00540nam a2200193 a 4500001001300000003000900013005001700022008004100039020001000080082001700090100002100107245005000128260005100178300000900229500003500238505002900273650002300302700002100325nice12345678IN_TiNIC20260116013418.0050524s1991 boma grp 000 0 eng  ac10000a297.122bKAM aKaluddin, Khwaja aIntroduction to the Study of the Holy Qur`an. aBombaybDarul Ishaat Kutub Khana Islamiac1991 a95p. aincludes index and biblioraphy2 avol.Nos. X and XIII only aQuran-Appreciation1 aKaluddin, Khwaja